[Event "DEM U14w 2012"]
[Site "Oberhof GER"]
[Date "2012.05.27"]
[Round "1"]
[White "Manusina, Nicole"]
[Black "Döpper, Anna Berenice"]
[Result "1/2-1/2"]
[Termination "normal"]
[Board "5"]
[WhiteElo "1783"]
[BlackElo "1419"]
[PlyCount "74"]
[WhiteFideId "24657514"]
[BlackFideId "1271853"]
[EventCountry "GER"]
[EventRounds "9"]
[EventType "swiss"]
[EventDate "2012.05.26"]

1. d4 Nf6 2. c4 c5 3. d5 e5 4. Nc3 d6 5. e3 Be7 6. Bd3 O-O 7. Qc2 Na6 8. a3 Nc7
9. h3 Bd7 10. g4 h6 11. Nf3 Nfe8 12. Rg1 Rb8 13. e4 a6 14. Qe2 b5 15. g5 h5 16.
Nh4 g6 17. f4 Bxh3 18. f5 Bg4 19. Qe3 Qd7 20. Rf1 Kh7 21. Be2 Bxe2 22. Nxe2
bxc4 23. Ng3 Rb3 24. Qf2 c3 25. bxc3 Rxc3 26. Rh1 Qa4 27. Bd2 Rxa3 28. Rxa3
Qxa3 29. f6 Bd8 30. Kf1 Nb5 31. Nf3 Ba5 32. Nxh5 Kg8 33. Ne1 Bxd2 34. Qxd2 Qc3
35. Qh2 Qc4+ 36. Kg1 Qd4+ 37. Kf1 Qc4+ 1/2-1/2

[Event "DEM U14w 2012"]
[Site "Oberhof GER"]
[Date "2012.05.27"]
[Round "1"]
[White "Reyher, Susan"]
[Black "Nobis, Anna"]
[Result "0-1"]
[Termination "normal"]
[Board "6"]
[WhiteElo "1413"]
[BlackElo "1577"]
[PlyCount "118"]
[WhiteFideId "24686107"]
[BlackFideId "1270302"]
[EventCountry "GER"]
[EventRounds "9"]
[EventType "swiss"]
[EventDate "2012.05.26"]

1. e4 c5 2. Nf3 Nc6 3. Nc3 d6 4. d4 cxd4 5. Nxd4 e5 6. Nf3 Be6 7. Ng5 Nf6 8. f3
Be7 9. Be3 O-O 10. Qd2 d5 11. exd5 Nxd5 12. Nxd5 Qxd5 13. Qxd5 Bxd5 14. O-O-O
Bxg5 15. Bxg5 Be6 16. a3 Rfc8 17. Kb1 a6 18. Bd3 f5 19. Rhe1 b5 20. Bh4 g6 21.
Bf6 Re8 22. Ka1 Bf7 23. g4 Re6 24. g5 Rae8 25. Re3 Nd4 26. Rde1 Nxf3 27. Rxf3
e4 28. Bxe4 Rxe4 29. Rxe4 Rxe4 30. b3 Re8 31. Rd3 Be6 32. Rd8 Rxd8 33. Bxd8 Kf7
34. Bc7 Ke7 35. Kb2 Kd7 36. Be5 Kc6 37. Kc3 Kd5 38. Bg3 Ke4 39. Kd2 Kf3 40. Kd3
Kg4 41. c4 bxc4+ 42. bxc4 Kxg5 43. c5 f4 44. Bf2 Kf5 45. h3 g5 46. Kd4 h5 47.
c6 g4 48. hxg4+ hxg4 49. c7 g3 50. Bg1 f3 51. Ke3 Kg4 52. a4 Bd7 53. a5 Bc8 54.
Bf2 gxf2 55. Kxf2 Kf4 56. Kf1 Ke3 57. Ke1 f2+ 58. Kf1 Bd7 59. c8=Q Bxc8 0-1

[Event "DEM U14w 2012"]
[Site "Oberhof GER"]
[Date "2012.05.27"]
[Round "1"]
[White "Wiesner, Paula"]
[Black "Morio, Estelle"]
[Result "1-0"]
[Termination "normal"]
[Board "7"]
[WhiteElo "1770"]
[BlackElo "1355"]
[PlyCount "53"]
[WhiteFideId "24654019"]
[BlackFideId "12951951"]
[EventCountry "GER"]
[EventRounds "9"]
[EventType "swiss"]
[EventDate "2012.05.26"]

1. e4 d6 2. d4 Nf6 3. Nc3 Nbd7 4. f4 e5 5. Nf3 exd4 6. Nxd4 Be7 7. Bd3 O-O 8.
O-O c6 9. Be3 Qc7 10. h3 Re8 11. Qd2 Bd8 12. Rfe1 Nf8 13. Rad1 Ng6 14. Bf2 Nh5
15. Nde2 Nf6 16. Ng3 b5 17. Nce2 Bb7 18. Nd4 a6 19. c3 c5 20. Ndf5 Rc8 21. Bc2
d5 22. e5 Nxe5 23. fxe5 Rxe5 24. Rxe5 Qxe5 25. Re1 Qc7 26. Qg5 g6 27. Qh6 1-0

[Event "DEM U14w 2012"]
[Site "Oberhof GER"]
[Date "2012.05.27"]
[Round "1"]
[White "Wheeler, Sara"]
[Black "Brandl, Lea Maria"]
[Result "0-1"]
[Termination "normal"]
[Board "8"]
[WhiteElo "1320"]
[BlackElo "1622"]
[PlyCount "80"]
[WhiteFideId "12923079"]
[BlackFideId "24693049"]
[EventCountry "GER"]
[EventRounds "9"]
[EventType "swiss"]
[EventDate "2012.05.26"]

1. e4 c5 2. Nf3 d6 3. Nc3 Nf6 4. Bc4 e6 5. d3 Be7 6. O-O O-O 7. e5 dxe5 8. Nxe5
Nbd7 9. Nf3 a6 10. a4 b6 11. Bf4 Bb7 12. Re1 Nd5 13. Bxd5 exd5 14. d4 cxd4 15.
Qxd4 Bc5 16. Qd3 Nf6 17. Bg5 h6 18. Bxf6 Qxf6 19. Nxd5 Bxd5 20. Qxd5 Qxb2 21.
Qc4 Rfc8 22. Qe2 a5 23. Ne5 Re8 24. Rab1 Qd4 25. Rbd1 Qxa4 26. Ra1 Qf4 27. Qf3
Qxf3 28. Nxf3 Rxe1+ 29. Rxe1 a4 30. Ra1 a3 31. Nd2 b5 32. Nb3 Be7 33. h3 b4 34.
Kf1 Bf6 35. Ra2 Re8 36. g3 Bb2 37. h4 Rc8 38. h5 Rxc2 39. g4 Rc3 40. Nd2 b3 0-1

[Event "DEM U14w 2012"]
[Site "Oberhof GER"]
[Date "2012.05.27"]
[Round "1"]
[White "Fesselier, Melissa"]
[Black "Klinge, Alexandra"]
[Result "1-0"]
[Termination "normal"]
[Board "9"]
[WhiteElo "1624"]
[BlackElo "1303"]
[PlyCount "61"]
[WhiteFideId "20689284"]
[EventCountry "GER"]
[EventRounds "9"]
[EventType "swiss"]
[EventDate "2012.05.26"]

1. e4 c5 2. c3 Nc6 3. d4 cxd4 4. cxd4 g6 5. Nc3 Bg7 6. Nge2 d6 7. Be3 Nf6 8. f3
O-O 9. Qd2 Bd7 10. g4 Rc8 11. h4 Qb6 12. Ng3 e6 13. Be2 Qc7 14. Rd1 d5 15. e5
Ne8 16. Bf4 Qd8 17. h5 Qe7 18. Bh6 Bxh6 19. Qxh6 Nc7 20. Rh2 g5 21. f4 f6 22.
exf6 Qxf6 23. fxg5 Qxh6 24. gxh6 Rf4 25. g5 Be8 26. Rf2 Rxf2 27. Kxf2 Bf7 28.
Bd3 Rf8 29. Ke3 Ne7 30. Rf1 Be8 31. Bxh7+ 1-0

[Event "DEM U14w 2012"]
[Site "Oberhof GER"]
[Date "2012.05.27"]
[Round "1"]
[White "Wetzler, Sophia"]
[Black "Weber, Sandra"]
[Result "1/2-1/2"]
[Termination "normal"]
[Board "10"]
[WhiteElo "1297"]
[BlackElo "1617"]
[PlyCount "88"]
[WhiteFideId "12951960"]
[BlackFideId "1270049"]
[EventCountry "GER"]
[EventRounds "9"]
[EventType "swiss"]
[EventDate "2012.05.26"]

1. e4 c5 2. Nf3 Nc6 3. Nc3 g6 4. d3 Bg7 5. Be3 d6 6. Be2 Nf6 7. O-O O-O 8. Rb1
b6 9. d4 Ng4 10. Bb5 Bd7 11. Ng5 Nxd4 12. Bxd4 Bxd4 13. Be2 Bxc3 14. Bxg4 Bg7
15. Bf3 Bc6 16. Nh3 Qd7 17. Nf4 Qb7 18. Re1 Rad8 19. Qd2 b5 20. Qd1 e6 21. Re2
d5 22. exd5 exd5 23. Rd2 d4 24. Bxc6 Qxc6 25. Ne2 Qc7 26. c3 dxc3 27. bxc3 a6
28. Rc1 Be5 29. g3 Rxd2 30. Qxd2 Rd8 31. Qc2 c4 32. Kg2 Qc6+ 33. Kg1 Qd6 34.
Qb2 Qd5 35. Qb4 Qd2 36. Kf1 Qxa2 37. Qe7 Rd2 38. Qxe5 Rb2 39. Qe8+ Kg7 40. Qe5+
Kg8 41. Qe8+ Kg7 42. Qe5+ Kg8 43. Qe8+ Kg7 44. Qe5+ Kg8 1/2-1/2

[Event "DEM U14w 2012"]
[Site "Oberhof GER"]
[Date "2012.05.27"]
[Round "1"]
[White "Kempe, Anne"]
[Black "Holschuh, Luisa"]
[Result "1/2-1/2"]
[Termination "normal"]
[Board "11"]
[WhiteElo "1648"]
[BlackElo "1289"]
[PlyCount "102"]
[WhiteFideId "12918083"]
[BlackFideId "12951978"]
[EventCountry "GER"]
[EventRounds "9"]
[EventType "swiss"]
[EventDate "2012.05.26"]

1. e4 d5 2. exd5 Qxd5 3. Nc3 Qa5 4. d4 e5 5. dxe5 Bb4 6. Bd2 Nc6 7. Qe2 Qxe5 8.
Nf3 Qxe2+ 9. Bxe2 Bf5 10. O-O-O O-O-O 11. Bb5 Nge7 12. h3 Bxc3 13. Bxc3 Nd5 14.
Bxg7 Rhg8 15. Bxc6 bxc6 16. Be5 Nb4 17. Nd4 Bg6 18. a3 Nd5 19. Nxc6 Rde8 20.
Rhe1 Nb6 21. Nxa7+ Kb7 22. Nb5 Re7 23. Bf4 Rge8 24. Re3 Be4 25. Bxc7 Rxc7 26.
Nd6+ Kb8 27. Rxe4 Rg8 28. Re8+ Rxe8 29. Nxe8 Re7 30. Nf6 Re2 31. Nxh7 Rxf2 32.
Ng5 f6 33. Ne4 Rxg2 34. Nxf6 Rh2 35. Rd3 Rh1+ 36. Kd2 Rh2+ 37. Kc3 Na4+ 38. Kb4
Nxb2 39. Rd8+ Kc7 40. Rd7+ Kc6 41. Kb3 Rxh3+ 42. Kxb2 Rf3 43. Rf7 Kb5 44. Rf8
Ka6 45. Nd7 Re3 46. Rf6+ Kb5 47. Rb6+ Ka4 48. Rb3 Re2 49. Nc5+ Ka5 50. a4 Rxc2+
51. Ka3 Rxc5 1/2-1/2

[Event "DEM U14w 2012"]
[Site "Oberhof GER"]
[Date "2012.05.27"]
[Round "1"]
[White "Schneider, Sabrina"]
[Black "Gaßmann, Linda"]
[Result "1-0"]
[Termination "normal"]
[Board "12"]
[WhiteElo "1237"]
[BlackElo "1779"]
[PlyCount "57"]
[WhiteFideId "12951986"]
[BlackFideId "12900451"]
[EventCountry "GER"]
[EventRounds "9"]
[EventType "swiss"]
[EventDate "2012.05.26"]

1. e4 e5 2. Nf3 Nf6 3. Nc3 Nc6 4. d4 exd4 5. Nxd4 Bb4 6. Nxc6 bxc6 7. Bd3 O-O
8. O-O Bxc3 9. bxc3 d5 10. e5 Ng4 11. f4 d4 12. h3 Nh6 13. f5 dxc3 14. Bxh6
Qd4+ 15. Kh1 gxh6 16. Qh5 Qxe5 17. Qxh6 Qg7 18. Qxc6 Rb8 19. f6 Qg5 20. Qe4 Qh5
21. Rf4 Bb7 22. Qf5 Qh6 23. Rg4+ Kh8 24. Rg7 Bxg2+ 25. Kh2 Rb5 26. Bxb5 Bxh3
27. Qxh3 Qf4+ 28. Kh1 Qe4+ 29. Rg2 1-0

[Event "DEM U14w 2012"]
[Site "Oberhof GER"]
[Date "2012.05.27"]
[Round "1"]
[White "Silber, Stefanie"]
[Black "Koch, Elisabeth"]
[Result "0-1"]
[Termination "normal"]
[Board "14"]
[WhiteElo "1036"]
[BlackElo "1739"]
[PlyCount "120"]
[WhiteFideId "12918245"]
[BlackFideId "24695068"]
[EventCountry "GER"]
[EventRounds "9"]
[EventType "swiss"]
[EventDate "2012.05.26"]

1. e4 e5 2. Nf3 Nc6 3. Bc4 Nf6 4. d3 Bc5 5. Nc3 d6 6. h3 a6 7. Bg5 Na5 8. Bb3
Nxb3 9. axb3 Be6 10. d4 exd4 11. Nxd4 O-O 12. O-O h6 13. Bh4 g5 14. Bg3 Qd7 15.
Re1 Rae8 16. Qd3 Re7 17. Re2 Rfe8 18. Rae1 Bb4 19. e5 Nh5 20. h4 Bg4 21. Nf3
Nxg3 22. fxg3 Bf5 23. Qd2 g4 24. Nd4 Bc5 25. Kh2 Bxd4 26. Qxd4 Rxe5 27. Rxe5
dxe5 28. Qxd7 Bxd7 29. Nd5 Kg7 30. Kg1 c6 31. Ne3 f6 32. Rd1 Re7 33. b4 h5 34.
Kf2 Kf7 35. c4 Be6 36. b3 Rd7 37. Rxd7+ Bxd7 38. Ke2 Be6 39. Kd2 f5 40. Nc2 Kf6
41. Ke2 f4 42. gxf4 exf4 43. Nd4 Ke5 44. Kd3 Bf5+ 45. Nxf5 Kxf5 46. Kd4 f3 47.
gxf3 gxf3 48. Ke3 Kg4 49. Kf2 Kf4 50. Ke1 Kg3 51. Kf1 f2 52. c5 Kf3 53. b5 axb5
54. b4 Ke3 55. Kg2 Ke2 56. Kg3 f1=Q 57. Kh2 Qf4+ 58. Kh3 Qg4+ 59. Kh2 Kf2 60.
Kh1 Qxh4# 0-1

[Event "DEM U14w 2012"]
[Site "Oberhof GER"]
[Date "2012.05.28"]
[Round "3"]
[White "Bluhm, Sonja Maria"]
[Black "Zahn, Alina"]
[Result "1/2-1/2"]
[Termination "normal"]
[Board "1"]
[WhiteElo "1973"]
[BlackElo "1773"]
[PlyCount "73"]
[WhiteFideId "24654027"]
[BlackFideId "24696730"]
[EventCountry "GER"]
[EventRounds "9"]
[EventType "swiss"]
[EventDate "2012.05.26"]

1. e4 e5 2. f4 exf4 3. Nf3 Ne7 4. d4 d5 5. Qe2 Ng6 6. h4 h5 7. Nc3 dxe4 8.
Qxe4+ Qe7 9. Bd3 Qxe4+ 10. Bxe4 Be7 11. Bxg6 fxg6 12. Ne5 Bf5 13. Nd5 Bd6 14.
Bxf4 Nd7 15. O-O-O Nf6 16. Nc3 a6 17. Rde1 O-O-O 18. Rhf1 Rhf8 19. a3 Rde8 20.
Bd2 Ng4 21. Nxg4 Bxg4 22. Rxe8+ Rxe8 23. Rf7 Re7 24. Rf8+ Kd7 25. Rb8 Rf7 26.
Bg5 b6 27. d5 Bf4+ 28. Bxf4 Rxf4 29. Rg8 Rf7 30. b3 Bf5 31. b4 Kd6 32. Kd2 Bg4
33. Ke3 Bf5 34. Kd2 Bg4 35. Ke3 Bf5 36. Kd2 Bg4 37. Ke3 1/2-1/2

[Event "DEM U14w 2012"]
[Site "Oberhof GER"]
[Date "2012.05.28"]
[Round "3"]
[White "Schwarz, Larissa"]
[Black "Wiesner, Paula"]
[Result "1-0"]
[Termination "normal"]
[Board "2"]
[WhiteElo "1875"]
[BlackElo "1770"]
[PlyCount "99"]
[WhiteFideId "24699004"]
[BlackFideId "24654019"]
[EventCountry "GER"]
[EventRounds "9"]
[EventType "swiss"]
[EventDate "2012.05.26"]

1. e4 e6 2. d4 d5 3. Nd2 Nf6 4. e5 Nfd7 5. Bd3 c5 6. c3 Nc6 7. Ne2 cxd4 8. cxd4
f6 9. Nf4 Nxd4 10. Qh5+ Ke7 11. exf6+ gxf6 12. O-O Ne5 13. Nb3 Nxb3 14. axb3
Nxd3 15. Nxd3 Bg7 16. Re1 Qe8 17. Qxd5 Qd7 18. Qe4 e5 19. f4 Qf5 20. fxe5 Qxe4
21. Rxe4 Bf5 22. exf6+ Kxf6 23. Rf4 Kg6 24. Nf2 Rhe8 25. Kf1 Re6 26. g4 Bc2 27.
h4 Be5 28. h5+ Kg7 29. Rb4 b6 30. Bd2 a5 31. Rb5 Rf8 32. Rxe5 Rxe5 33. Bc3 Rfe8
34. Re1 Kf6 35. Kg2 b5 36. Kg3 b4 37. Bd4 Bxb3 38. Kf4 a4 39. Rxe5 Rxe5 40.
Bxe5+ Kf7 41. Ne4 a3 42. bxa3 bxa3 43. Ng5+ Kg8 44. Kf5 Bc2+ 45. Kf6 Bb3 46.
Ke7 a2 47. Ne4 Bd1 48. h6 Bxg4 49. Nf6+ Kh8 50. Nxg4+ 1-0

[Event "DEM U14w 2012"]
[Site "Oberhof GER"]
[Date "2012.05.28"]
[Round "3"]
[White "Srokovskiy, Andrea"]
[Black "Manusina, Nicole"]
[Result "0-1"]
[Termination "normal"]
[Board "3"]
[WhiteElo "1767"]
[BlackElo "1783"]
[PlyCount "76"]
[WhiteFideId "4624947"]
[BlackFideId "24657514"]
[EventCountry "GER"]
[EventRounds "9"]
[EventType "swiss"]
[EventDate "2012.05.26"]

1. e4 c6 2. Ne2 d5 3. e5 c5 4. c3 Nc6 5. d4 e6 6. Be3 Nge7 7. Ng3 Ng6 8. Be2
Qb6 9. b3 cxd4 10. Bxd4 Nxd4 11. Qxd4 Bc5 12. Qd2 Bxf2+ 13. Kf1 Be3 14. Qd3
Nxe5 15. Qb5+ Bd7 16. Qxb6 Bxb6 17. Nd2 Rc8 18. c4 O-O 19. Bf3 Nxf3 20. gxf3
Ba5 21. Rd1 Rfd8 22. Kg2 b5 23. cxd5 exd5 24. a3 Rc2 25. b4 Bb6 26. Rhe1 Be6
27. Re2 Ra2 28. Nb1 Rxe2+ 29. Nxe2 d4 30. Nd2 Bc4 31. Nf4 g5 32. Nh5 f5 33. Ng3
Be6 34. Re1 Kf7 35. Re5 Kf6 36. Rxb5 Rc8 37. a4 Rc2 38. Ngf1 Bc4 0-1

[Event "DEM U14w 2012"]
[Site "Oberhof GER"]
[Date "2012.05.28"]
[Round "3"]
[White "Schneider, Sabrina"]
[Black "Heinemann, Josefine"]
[Result "1/2-1/2"]
[Termination "normal"]
[Board "4"]
[WhiteElo "1237"]
[BlackElo "1853"]
[PlyCount "49"]
[WhiteFideId "12951986"]
[BlackFideId "12900460"]
[EventCountry "GER"]
[EventRounds "9"]
[EventType "swiss"]
[EventDate "2012.05.26"]

1. e4 c5 2. Nf3 d6 3. Bb5+ Bd7 4. Bxd7+ Qxd7 5. c4 Nf6 6. Nc3 Nc6 7. d4 cxd4 8.
Nxd4 g6 9. h3 Bg7 10. Be3 O-O 11. O-O Rac8 12. b3 a6 13. Rc1 Qd8 14. Qd2 Re8
15. Rfd1 Qa5 16. a4 Qb4 17. Qc2 Qa5 18. Nd5 Nxd4 19. Bxd4 Nxd5 20. exd5 Bxd4
21. Rxd4 b5 22. axb5 axb5 23. Qb2 Qb4 24. c5 Qa5 25. b4 1/2-1/2

[Event "DEM U14w 2012"]
[Site "Oberhof GER"]
[Date "2012.05.28"]
[Round "3"]
[White "Gaßmann, Linda"]
[Black "Nobis, Anna"]
[Result "0-1"]
[Termination "normal"]
[Board "5"]
[WhiteElo "1779"]
[BlackElo "1577"]
[PlyCount "76"]
[WhiteFideId "12900451"]
[BlackFideId "1270302"]
[EventCountry "GER"]
[EventRounds "9"]
[EventType "swiss"]
[EventDate "2012.05.26"]

1. c4 Nf6 2. g3 g6 3. Bg2 Bg7 4. Nc3 O-O 5. e3 e5 6. Nge2 d6 7. O-O Nc6 8. d3
Ne8 9. Rb1 a5 10. a3 Be6 11. b4 axb4 12. axb4 Qd7 13. Re1 Kh8 14. Qc2 f5 15.
Nd5 Nf6 16. Nxf6 Bxf6 17. Bd2 h5 18. b5 Nd8 19. d4 Qh7 20. Ra1 Rxa1 21. Rxa1 h4
22. dxe5 dxe5 23. e4 hxg3 24. fxg3 Qh5 25. Bb4 Rf7 26. Rd1 Rh7 27. Kf2 Nf7 28.
Rh1 f4 29. Bf3 Qh6 30. Bd2 g5 31. h3 Nd6 32. b6 Nxc4 33. bxc7 Rxc7 34. Ba5 Rh7
35. Qb3 Be7 36. Qc3 Qf8 37. Qa1 Bc5+ 38. Ke1 fxg3 0-1

[Event "DEM U14w 2012"]
[Site "Oberhof GER"]
[Date "2012.05.28"]
[Round "3"]
[White "Reyher, Susan"]
[Black "Brandl, Lea Maria"]
[Result "0-1"]
[Termination "normal"]
[Board "6"]
[WhiteElo "1413"]
[BlackElo "1622"]
[PlyCount "88"]
[WhiteFideId "24686107"]
[BlackFideId "24693049"]
[EventCountry "GER"]
[EventRounds "9"]
[EventType "swiss"]
[EventDate "2012.05.26"]

1. e4 c5 2. Ne2 d6 3. d4 cxd4 4. Nxd4 Nf6 5. Nc3 a6 6. f3 e5 7. Nb3 Be6 8. Be3
Be7 9. Qd2 Nbd7 10. g4 b5 11. O-O-O O-O 12. g5 b4 13. Ne2 Ne8 14. Kb1 a5 15. f4
a4 16. Nbd4 exd4 17. Nxd4 Nc5 18. Nc6 Qc7 19. Nxe7+ Qxe7 20. Qxb4 Nc7 21. f5
Rfb8 22. Qd4 Bd7 23. Qxd6 Qxe4 24. Bg2 Qxg2 25. Bxc5 Qb7 26. Qe5 Re8 27. Qf4
Bc6 28. Rhg1 Nd5 29. Qh4 Nc3+ 30. Ka1 Nxd1 31. Rxd1 Rab8 32. Ba3 Re3 33. c3 Re4
34. Qh3 Re2 35. Qd3 Rbe8 36. g6 h6 37. gxf7+ Qxf7 38. h3 Qd5 39. Qxd5+ Bxd5 40.
Bb4 Re1 41. Rb1 Rxb1+ 42. Kxb1 Be4+ 43. Kc1 Bxf5 44. h4 Re4 0-1

[Event "DEM U14w 2012"]
[Site "Oberhof GER"]
[Date "2012.05.28"]
[Round "3"]
[White "Fesselier, Melissa"]
[Black "Koch, Elisabeth"]
[Result "1-0"]
[Termination "normal"]
[Board "7"]
[WhiteElo "1624"]
[BlackElo "1739"]
[PlyCount "101"]
[WhiteFideId "20689284"]
[BlackFideId "24695068"]
[EventCountry "GER"]
[EventRounds "9"]
[EventType "swiss"]
[EventDate "2012.05.26"]

1. e4 e5 2. Nf3 Nc6 3. d4 exd4 4. Bc4 Nf6 5. O-O Nxe4 6. Re1 d5 7. Bb5 Bc5 8.
Nbd2 Bf5 9. Nb3 Be7 10. Nfxd4 Bd7 11. Bxc6 bxc6 12. f3 Nf6 13. Qe2 Kf8 14. Bf4
Bd6 15. Qd2 Kg8 16. Na5 Bxf4 17. Qxf4 c5 18. Ndc6 Bxc6 19. Nxc6 Qd7 20. Ne7+
Kf8 21. Nf5 Re8 22. Qg5 Rg8 23. Rxe8+ Nxe8 24. Re1 f6 25. Qe3 Nd6 26. Ne7 d4
27. Qb3 Rh8 28. Qb8+ Ne8 29. Qxa7 Qd6 30. Qa8 c4 31. Nd5 Qd7 32. Nxc7 Kf7 33.
Nd5 Kg6 34. Ne7+ Kf7 35. Nd5 Kg6 36. Re7 Qb5 37. Nf4+ Kh6 38. Qc8 f5 39. Qe6+
g6 40. Qe5 Qxe5 41. Rxe5 Nf6 42. Rc5 Ra8 43. Rxc4 Rxa2 44. Nd3 Nd5 45. Rxd4 Ne3
46. c4 Nd1 47. b4 Ra1 48. c5 Nb2+ 49. Kf2 Rd1 50. Ke2 Kg5 51. c6 1-0

[Event "DEM U14w 2012"]
[Site "Oberhof GER"]
[Date "2012.05.28"]
[Round "3"]
[White "Silber, Stefanie"]
[Black "Weber, Sandra"]
[Result "1/2-1/2"]
[Termination "normal"]
[Board "8"]
[WhiteElo "1036"]
[BlackElo "1617"]
[PlyCount "96"]
[WhiteFideId "12918245"]
[BlackFideId "1270049"]
[EventCountry "GER"]
[EventRounds "9"]
[EventType "swiss"]
[EventDate "2012.05.26"]

1. e4 c5 2. Nf3 Nc6 3. Bb5 g6 4. Bxc6 dxc6 5. O-O Bg7 6. Nc3 Bg4 7. Re1 e5 8.
h3 Bxf3 9. Qxf3 Nh6 10. Qg3 f5 11. f4 Qd4+ 12. Kh1 O-O-O 13. d3 Rde8 14. Ne2
Qd6 15. fxe5 Qxe5 16. Qxe5 Rxe5 17. Bf4 Re6 18. c3 Rhe8 19. Ng3 Nf7 20. Re2 Nd6
21. Rae1 Kd7 22. exf5 Rxe2 23. Rxe2 Rxe2 24. Nxe2 Nxf5 25. Kg1 Bf6 26. g4 Ng7
27. Ng3 Ne6 28. Be3 Bg5 29. Bxg5 Nxg5 30. Kg2 Kd6 31. h4 Ne6 32. Ne4+ Ke5 33.
Kf3 b6 34. Ke3 Nf8 35. b3 h6 36. d4+ cxd4+ 37. cxd4+ Ke6 38. Nc3 Nd7 39. Kf4
Nf6 40. a3 Nd5+ 41. Nxd5 Kxd5 42. Ke3 a5 43. Kd3 g5 44. hxg5 hxg5 45. Ke3 c5
46. dxc5 bxc5 47. Kd3 Ke5 48. Ke3 Kd5 1/2-1/2

[Event "DEM U14w 2012"]
[Site "Oberhof GER"]
[Date "2012.05.28"]
[Round "3"]
[White "Kempe, Anne"]
[Black "Morio, Estelle"]
[Result "1-0"]
[Termination "normal"]
[Board "9"]
[WhiteElo "1648"]
[BlackElo "1355"]
[PlyCount "65"]
[WhiteFideId "12918083"]
[BlackFideId "12951951"]
[EventCountry "GER"]
[EventRounds "9"]
[EventType "swiss"]
[EventDate "2012.05.26"]

1. e4 d6 2. d4 Nf6 3. Nc3 Nbd7 4. Nf3 e5 5. Bc4 Be7 6. O-O O-O 7. a4 c6 8. b3
b6 9. Bb2 Qc7 10. Qe2 Bb7 11. dxe5 dxe5 12. Nh4 g6 13. Nf3 Nh5 14. Rfd1 Bf6 15.
Rd2 Rad8 16. Rad1 Nf4 17. Qe1 Nc5 18. b4 Nce6 19. Ne2 Rxd2 20. Rxd2 Nxe2+ 21.
Qxe2 Nf4 22. Qe3 Re8 23. g3 Nh3+ 24. Kg2 Bc8 25. Qc3 Bg4 26. Ne1 Bg5 27. f4 Bh6
28. Nf3 Bxf3+ 29. Qxf3 Qc8 30. Bxe5 Rxe5 31. fxe5 Bxd2 32. Qxf7+ Kh8 33. Qf6#
1-0

[Event "DEM U14w 2012"]
[Site "Oberhof GER"]
[Date "2012.05.28"]
[Round "3"]
[White "Petermann, Tessa"]
[Black "Döpper, Anna Berenice"]
[Result "1/2-1/2"]
[Termination "normal"]
[Board "10"]
[WhiteElo "1428"]
[BlackElo "1419"]
[PlyCount "42"]
[WhiteFideId "12929492"]
[BlackFideId "1271853"]
[EventCountry "GER"]
[EventRounds "9"]
[EventType "swiss"]
[EventDate "2012.05.26"]

1. e4 e6 2. d3 c5 3. Nd2 Nc6 4. Ngf3 d5 5. g3 Nf6 6. Bg2 Be7 7. O-O O-O 8. Re1
Qc7 9. e5 Nd7 10. Qe2 b6 11. Nf1 Rd8 12. Bf4 h6 13. h4 Ba6 14. c3 c4 15. d4 b5
16. a3 Bb7 17. N1h2 a5 18. Ng4 Bf8 19. Qd2 Kh7 20. Qc2+ Kg8 21. Qd2 Kh7 1/2-1/2

[Event "DEM U14w 2012"]
[Site "Oberhof GER"]
[Date "2012.05.28"]
[Round "3"]
[White "Wetzler, Sophia"]
[Black "Rosmait, Emily"]
[Result "0-1"]
[Termination "normal"]
[Board "11"]
[WhiteElo "1297"]
[BlackElo "1628"]
[PlyCount "90"]
[WhiteFideId "12951960"]
[BlackFideId "12937754"]
[EventCountry "GER"]
[EventRounds "9"]
[EventType "swiss"]
[EventDate "2012.05.26"]

1. e4 e5 2. Nf3 Nc6 3. Bc4 Nf6 4. Ng5 d5 5. exd5 Na5 6. Bb5+ c6 7. dxc6 bxc6 8.
Bd3 Qd5 9. O-O h6 10. Nc3 Qd8 11. Nge4 Nd5 12. b3 Nf4 13. Qf3 f5 14. Ng3 g6 15.
Re1 Nxd3 16. cxd3 Qc7 17. Bb2 Bd6 18. Na4 O-O 19. Bc3 Bb7 20. Qe2 c5 21. Bxe5
Qc6 22. f3 Rfe8 23. f4 Bxe5 24. fxe5 Rxe5 25. Qf2 Rae8 26. Rxe5 Rxe5 27. Rf1
Rd5 28. Qf3 Qd7 29. Qe3 Qc6 30. Qxh6 Rxd3 31. Rf2 Rd7 32. Qe3 Rd4 33. Qg5 Kh7
34. Qe7+ Kh6 35. Qf8+ Kh7 36. Nxc5 Ba8 37. Ne6 Qxe6 38. Qxa8 Qe1+ 39. Nf1 Qe7
40. Qf3 Nb7 41. Re2 Qc5 42. Qxb7+ Rd7+ 43. Kh1 Rxb7 44. Re1 Qc2 45. d4 Qd3 0-1

[Event "DEM U14w 2012"]
[Site "Oberhof GER"]
[Date "2012.05.28"]
[Round "3"]
[White "Wheeler, Sara"]
[Black "Klinge, Alexandra"]
[Result "1-0"]
[Termination "normal"]
[Board "12"]
[WhiteElo "1320"]
[BlackElo "1303"]
[PlyCount "63"]
[WhiteFideId "12923079"]
[EventCountry "GER"]
[EventRounds "9"]
[EventType "swiss"]
[EventDate "2012.05.26"]

1. e4 c5 2. Nc3 Nc6 3. g3 g6 4. Bg2 Bg7 5. d3 e5 6. f4 d6 7. Nf3 Nge7 8. Be3 f5
9. Rb1 Rb8 10. O-O O-O 11. Qe1 h6 12. fxe5 Nxe5 13. Nxe5 Bxe5 14. Bxh6 Rf7 15.
Be3 Be6 16. a3 Rh7 17. Nd5 Qc8 18. Bf4 Bd4+ 19. Kh1 Qd7 20. c3 Bg7 21. Kg1 Re8
22. Qd2 Nxd5 23. exd5 Bf7 24. Rfe1 Qd8 25. Rxe8+ Bxe8 26. Re1 Ba4 27. Qe2 Bf8
28. Qd2 Re7 29. Re6 Rxe6 30. dxe6 Qb6 31. Bd5 Bc6 32. e7+ 1-0

[Event "DEM U14w 2012"]
[Site "Oberhof GER"]
[Date "2012.05.28"]
[Round "3"]
[White "Sherif, Amina"]
[Black "Holschuh, Luisa"]
[Result "1-0"]
[Termination "normal"]
[Board "13"]
[WhiteElo "1574"]
[BlackElo "1289"]
[PlyCount "147"]
[WhiteFideId "12911690"]
[BlackFideId "12951978"]
[EventCountry "GER"]
[EventRounds "9"]
[EventType "swiss"]
[EventDate "2012.05.26"]

1. e4 d5 2. exd5 Qxd5 3. Nc3 Qe5+ 4. Qe2 Qxe2+ 5. Bxe2 Nf6 6. Nf3 Bf5 7. Nd4
Bg6 8. d3 e6 9. Ndb5 Na6 10. Bf4 O-O-O 11. Nxa7+ Kb8 12. Nab5 Bb4 13. O-O-O Nd5
14. Bd2 Rhe8 15. Bf3 Nxc3 16. Nxc3 Bc5 17. Be3 e5 18. Rhe1 f5 19. a3 e4 20.
dxe4 Rxd1+ 21. Kxd1 fxe4 22. Bg4 Rf8 23. Bxc5 Nxc5 24. b4 Rf4 25. Bh3 Na6 26.
Ke2 Bh5+ 27. Ke3 g5 28. Be6 Bg6 29. Bd5 c5 30. Rb1 Nc7 31. Bc4 cxb4 32. Rxb4
Ka7 33. Nb5+ Nxb5 34. Rxb5 h6 35. Re5 Rh4 36. h3 g4 37. hxg4 Rxg4 38. g3 Rg5
39. Rxg5 hxg5 40. Bd5 b5 41. Bxe4 Be8 42. Bd3 Kb6 43. Kd4 Bc6 44. c4 bxc4 45.
Bxc4 g4 46. Be2 Bd7 47. Ke5 Ka5 48. Bd1 Bc8 49. Kf4 Bb7 50. Kxg4 Bc8+ 51. Kg5
Kb6 52. f4 Kc7 53. Kf6 Kd6 54. g4 Bb7 55. g5 Bd5 56. f5 Bc4 57. g6 Bd5 58. g7
Bc4 59. Bh5 Kc5 60. Bf7 Bxf7 61. Kxf7 Kc4 62. g8=Q Kc5 63. Qd8 Kc4 64. Qd6 Kc3
65. a4 Kc4 66. a5 Kb5 67. Ke6 Kc4 68. a6 Kb5 69. Qc7 Kb4 70. Qc6 Kb3 71. Qc5
Ka4 72. Qb6 Ka3 73. a7 Ka2 74. a8=R# 1-0